College Quizbowl Stats
College Quizbowl Stats
Circuits
Seasons
Sets
Records
Detailed Stats
About
Loading...
Lower Mid-Atlantic
Tossups
Bonuses
Players
Teams
Categories (Tossup)
Categories (Bonus)
AnnaLee Simpson
Tusculum A
Categories
Category
Powers
Gets
Negs
BBs
Points
Earliest Buzz
Avg. Buzz
First Buzzes
Top 3 Buzzes
BPA
PVF
Mythology
0
1
0
0
10
125
125.00
0
0
0.00
0.91
Religion
0
1
0
1
10
124
124.00
0
0
0.35
3.64
Social Science
0
1
1
1
5
120
120.00
0
0
0.00
2.73
History - American
0
0
1
0
-5
0.00
0
0
0.00
0.00
History - European
0
0
1
0
-5
0.00
0
0
0.00
0.00
Buzzes
Category
Answer
Value
Buzz Position
Social Science
Abraham Maslow
-5
72
History - American
New York
-5
86
History - European
17th century
-5
101
Social Science
England
10
120
Religion
gates
10
124
Mythology
forests
10
125
Religion
orishas
0
130
Previous
1
Next